[Event "JUG-ch"]
[Site "?"]
[Date "1989.??.??"]
[Round "?"]
[White "Ivanovic, Bozidar"]
[Black "Barlov, Dragan"]
[Result "1/2-1/2"]
[WhiteElo "2530"]
[BlackElo "2490"]

1.e4 c5 2.Nf3 a6 3.Nc3 e6 4.d4 cxd4 5.Nxd4 Qc7 6.Bd3 Nc6 7.Be3 Nf6 8.O-O d6
9.Kh1 Nxd4 10.Bxd4 e5 11.Be3 Be6 12.f4 exf4 13.Bxf4 Be7 14.Qe1 Nd7 15.Qg3 g6
16.Ne2 Ne5 17.Nd4 Bd7 18.Nf3 f6 19.b3 Be6 20.Bh6 Rg8 21.Be3 O-O-O 22.a4 Kb8
23.a5 Rc8 24.Nxe5 dxe5 25.Bg1 Rgf8 26.b4 Bxb4 27.Rfb1 Qd6 28.Bxa6 Rxc2 29.Bxb7 Kxb7
30.Ra4 Rc4 31.Qa3 Rb8 32.Raxb4+ Rxb4 33.Rxb4+ Ka6  1/2-1/2

[Event "JUG-ch"]
[Site "?"]
[Date "1989.??.??"]
[Round "?"]
[White "Ilincic, Zlatko"]
[Black "Strikovic, Aleksa"]
[Result "1-0"]
[WhiteElo "2430"]
[BlackElo "2490"]

1.e4 c5 2.Nf3 e6 3.d4 cxd4 4.Nxd4 a6 5.Nc3 b5 6.Bd3 Bb7 7.O-O Qc7 8.Re1 Bc5
9.Be3 Ne7 10.Qh5 Bd6 11.Bxb5 g6 12.Qh3 e5 13.Ba4 exd4 14.Bxd4 Be5 15.Nd5 Bxd5
16.Bxe5 Qxe5 17.exd5 Qd6 18.Qe3 f5 19.c4 Kf7 20.c5 Qf6 21.Qb3  1-0

[Event "Kecskemet"]
[Site "Kecskemet"]
[Date "1989.??.??"]
[Round "?"]
[White "Tolnai, Tibor"]
[Black "Espig, Lutz"]
[Result "0-1"]
[WhiteElo "2470"]
[BlackElo "2460"]

1.e4 c5 2.Nf3 e6 3.d4 cxd4 4.Nxd4 a6 5.Nc3 Qc7 6.f4 d6 7.Qf3 Nf6 8.Bd3 b5
9.g4 b4 10.Nce2 Bb7 11.g5 Nfd7 12.h4 Nc5 13.f5 Nc6 14.Nxc6 Bxc6 15.Nd4 Bb7
16.fxe6 fxe6 17.Nb3 d5 18.Bf4 Qf7 19.Nxc5 Bxc5 20.Qg4 dxe4 21.Bc4 Bd5 22.Bxd5 exd5
23.O-O-O O-O 24.Rhf1 Qf5 25.Qe2 Qe6 26.Kb1 d4 27.h5 Rf5 28.h6 Raf8 29.hxg7 Kxg7
30.Qh2 Kg8 31.Rh1 Qg6 32.Be5 e3 33.Rc1 Rxg5 34.Rcg1 Rff5 35.Bf4 Rxf4 36.Rxg5 Qxg5
37.Qxh7+ Kf8 38.Qc7 Rf7 39.Qc8+ Ke7 40.Qc7+ Ke6 41.Qc8+ Kd5 42.Qa8+ Ke5 43.Qe8+ Be7
44.Qh8+ Kd6 45.Qb8+ Kc6 46.Qc8+ Kb6 47.a4 e2 48.a5+ Kxa5  0-1

[Event "Kecskemet"]
[Site "Kecskemet"]
[Date "1989.??.??"]
[Round "?"]
[White "Delanoy, Arnaud"]
[Black "Malich, Burkhard"]
[Result "0-1"]
[WhiteElo "2340"]
[BlackElo "2440"]

1.e4 c5 2.Nf3 e6 3.Nc3 a6 4.d4 cxd4 5.Nxd4 Qc7 6.Be2 Nf6 7.O-O Nc6 8.Be3 Bb4
9.Na4 O-O 10.Nxc6 bxc6 11.Nb6 Rb8 12.Nxc8 Qxc8 13.Bf4 Ra8 14.Qd4 Be7 15.Bg5 c5
16.Qd3 Qc7 17.Rad1 Rfd8 18.Qg3 Qxg3 19.hxg3 d6 20.e5 dxe5 21.Rxd8+ Bxd8 22.Rd1 Be7
23.Bxf6 Bxf6 24.Rd6 a5 25.Ra6 Rxa6 26.Bxa6 e4 27.c3 Bg5 28.Kf1 Bc1 29.b3 Bb2
30.c4 f5 31.Ke2 Kf7 32.g4 Kf6 33.gxf5 exf5 34.Bb7 h5 35.Bc6 h4 36.f3 Ke5
37.fxe4 fxe4 38.Ke3 Bd4+ 39.Ke2 Kf4 40.a3 Bb2 41.a4 Bd4 42.Bd5 g5 43.Bb7 g4
44.Kf1 h3 45.gxh3 gxh3 46.Bc6 Kf3  0-1

[Event "Kehl BM"]
[Site "Kehl"]
[Date "1989.??.??"]
[Round "1"]
[White "Herbrechtsmeier, Christof"]
[Black "Gerstner, Wolfgang"]
[Result "1/2-1/2"]
[WhiteElo "2300"]
[BlackElo "2365"]

1.e4 c5 2.Nf3 e6 3.d4 cxd4 4.Nxd4 a6 5.Nc3 Qc7 6.Be2 Nf6 7.O-O d6 8.f4 Be7
9.Qe1 Nc6 10.Nxc6 bxc6 11.Qg3 O-O 12.e5 Nd7 13.f5 exf5 14.Bh6 g6 15.Bxf8 Nxf8
16.exd6 Bxd6 17.Qh3 Qb6+ 18.Kh1 Qxb2 19.Rab1 Qxc2 20.Qe3 Rb8 21.Rxb8 Bxb8
22.Bd1 Qb2 23.Bb3 Bd6 24.Rb1 Qa3 25.Qe8  1/2-1/2

[Event "Las Palmas op"]
[Site "Las Palmas"]
[Date "1989.??.??"]
[Round "?"]
[White "Garcia, Gildardo"]
[Black "Fernandes, Antonio"]
[Result "0-1"]
[WhiteElo "2430"]
[BlackElo "2390"]

1.e4 c5 2.Nf3 e6 3.d4 cxd4 4.Nxd4 a6 5.Nc3 Qc7 6.Be2 Nf6 7.O-O Be7 8.f4 O-O
9.e5 Ne8 10.Kh1 d6 11.Nf3 Nd7 12.Bd3 b5 13.Ne4 Bb7 14.Neg5 Bxg5 15.Nxg5 g6
16.exd6 Nxd6 17.Qg4 Nc5 18.Qh3 h5 19.Be3 Nxd3 20.cxd3 Qc2 21.Rf2 Qc6 22.Rc1 Qd5
23.Bc5 Rac8 24.b4 Rfd8 25.Re1 Nf5 26.Rd2 Qd7 27.Kg1 Re8 28.Rde2 a5 29.Ne4 Bxe4
30.dxe4 Nd4 31.Rf2 axb4 32.Bxd4 Qxd4 33.Qe3 Qc3 34.Rd2 Red8 35.Rxd8+ Rxd8
36.Qxc3 bxc3 37.Rc1 b4 38.Rc2  0-1

[Event "Lenk op"]
[Site "Lenk"]
[Date "1989.??.??"]
[Round "?"]
[White "Boehm, Martin"]
[Black "Gross, Stefan"]
[Result "0-1"]
[WhiteElo "2210"]
[BlackElo "2425"]

1.e4 c5 2.Nf3 e6 3.Nc3 a6 4.d4 cxd4 5.Nxd4 Qc7 6.Bd3 Nc6 7.Nb3 b5 8.a4 b4
9.Ne2 Nf6 10.O-O d5 11.exd5 Nxd5 12.Be4 Bd6 13.Bxd5 exd5 14.Ng3 O-O 15.Be3 Ne5
16.Qxd5 Bb7 17.Qd1 Rad8 18.Qh5 Qc6 19.Qh3 Bc8 20.Qh4 Qxc2 21.Nd4 Qg6 22.Rac1 Ng4
23.Nc6 Rde8 24.Bc5 Bxc5 25.Rxc5 Qd6 26.Rcc1 f5 27.Rfd1 Qe6 28.h3 Nxf2 29.Nd4 Qe3
30.Nf1 Nxh3+ 31.Kh2 Qg1+ 32.Kxh3 Re4 33.Qg5 Rg4 34.Qd2 Qh1+ 35.Nh2 Rh4+ 36.Kxh4 Qxh2+
37.Kg5 Qh6+  0-1

[Event "Lugano op"]
[Site "Lugano"]
[Date "1989.??.??"]
[Round "4"]
[White "Keller, M."]
[Black "Bosbach, Gerhard"]
[Result "1/2-1/2"]
[WhiteElo "2245"]
[BlackElo "2250"]

1.e4 c5 2.Nf3 e6 3.Nc3 a6 4.d4 cxd4 5.Nxd4 Qc7 6.f4 d6 7.Be3 Nf6 8.Bd3 Nc6
9.Nb3 b5 10.O-O Be7 11.Kh1 Bd7 12.Qf3 O-O 13.Rae1 Rad8 14.Qg3 g6 15.Nd4 Nxd4
16.Bxd4 b4 17.Nd1 Bb5 18.Ne3 Qb7 19.Ng4 Nxg4 20.Qxg4 Rfe8 21.Rf3 Bxd3 22.cxd3 f5
23.Qh3 Bf8 24.Rfe3 Qf7 25.exf5 exf5 26.Rxe8 Rxe8 27.Rxe8 Qxe8 28.Qe3 Qxe3
29.Bxe3 Bg7 30.b3 Kf7 31.Kg1 Ke6 32.Kf2 Kd5 33.Kf3 Bd4 34.h3 h6 35.h4 Bf6
36.g3 Bd4 37.Ke2 Bc3 38.Kf3 Be1 39.Kg2 Ke6 40.Kf3 Kd5 41.Kg2 Kc6 42.Kf3 Kd5  1/2-1/2

[Event "Mendrisio op"]
[Site "Mendrisio"]
[Date "1989.??.??"]
[Round "3"]
[White "Pozzi, Enrico"]
[Black "Mascarinas, Rico"]
[Result "0-1"]
[WhiteElo "2295"]
[BlackElo "2485"]

1.e4 c5 2.Nf3 e6 3.Nc3 a6 4.d4 cxd4 5.Nxd4 Qc7 6.Bd3 Nf6 7.O-O b5 8.a3 Be7
9.Re1 d6 10.Bg5 O-O 11.Kh1 Bb7 12.f4 h6 13.e5 dxe5 14.fxe5 hxg5 15.exf6 Bxf6
16.Nxe6 fxe6 17.Qh5 g6 18.Bxg6 Nc6 19.Ne4 Nd4 20.c3 Nb3 21.Rad1 Bxe4 22.Bxe4 Rad8
23.Rxd8 Rxd8 24.Rf1 Qg7 25.h4 Nd2 26.Bh7+ Qxh7 27.Qxh7+ Kxh7 28.Rxf6 Rd6
29.hxg5 Ne4 30.g6+ Kg7 31.Rf3 Ng3+  0-1

[Event "Montpellier-A"]
[Site "Montpellier"]
[Date "1989.??.??"]
[Round "?"]
[White "Pira, Davoud"]
[Black "Farago, Ivan"]
[Result "1-0"]
[WhiteElo "2330"]
[BlackElo "2495"]

1.e4 c5 2.Nf3 e6 3.d4 cxd4 4.Nxd4 a6 5.Nc3 Qc7 6.Be2 Bb4 7.O-O Nf6 8.Be3 Bxc3
9.bxc3 Nxe4 10.Bd3 Nf6 11.Re1 d5 12.Nf5 Kf8 13.Nxg7 Kxg7 14.Bd4 Qe7 15.Qg4+ Kf8
16.Qh4 Nbd7 17.Re3 h6 18.Rae1 b5 19.f4 Bb7 20.Qh3 Re8 21.g4 Qd6 22.g5 Ke7
23.gxf6+ Kd8 24.Qh4 Reg8+ 25.Kf2 Nc5 26.Rg3 Ne4+ 27.Bxe4 dxe4 28.Ke3 Qd5
29.Rg7 Kc8 30.a3 Qa2 31.Qh5 Qxc2 32.Rd1 Rf8 33.Qc5+ Kb8 34.Qa7+ Kc8 35.Be5 Qxd1
36.Qc5+ Bc6 37.Qxc6+ Kd8 38.Qc7+  1-0

[Event "URS-ch sf"]
[Site "Moscow"]
[Date "1989.??.??"]
[Round "?"]
[White "Nikolenko, Oleg"]
[Black "Dragomarezkij, Evgeni"]
[Result "1-0"]
[WhiteElo "2405"]
[BlackElo "2325"]

1.e4 c5 2.Nf3 e6 3.d4 cxd4 4.Nxd4 a6 5.Nc3 Qc7 6.g3 Nf6 7.Bg2 Be7 8.O-O O-O
9.f4 d6 10.g4 Nc6 11.Nxc6 bxc6 12.g5 Nd7 13.f5 Re8 14.f6 gxf6 15.gxf6 Bxf6
16.Qh5 Bd4+ 17.Kh1 Nf8 18.Bf4 Ra7 19.Rad1 c5 20.e5 dxe5 21.Rxd4 exf4 22.Rdxf4 Re7
23.Qg5+ Ng6 24.Rf6 Bb7 25.Ne4 Bxe4 26.Bxe4 Kf8 27.Bxg6 hxg6 28.Qh6+ Ke8 29.Rd1  1-0

[Event "Moscow-A"]
[Site "Moscow"]
[Date "1989.??.??"]
[Round "?"]
[White "Campora, Daniel H"]
[Black "Kharitonov, Andrei Y"]
[Result "1-0"]
[WhiteElo "2500"]
[BlackElo "2520"]

1.e4 c5 2.Nf3 e6 3.d4 cxd4 4.Nxd4 a6 5.Nc3 Qc7 6.g3 Bb4 7.Ne2 Nf6 8.Bg2 Be7
9.O-O d6 10.h3 Nc6 11.g4 b5 12.Ng3 b4 13.Na4 O-O 14.g5 Nd7 15.f4 Re8 16.h4 Bf8
17.Be3 Bb7 18.Rc1 Nc5 19.Nxc5 dxc5 20.h5 Rad8 21.Qg4 Na5 22.Rce1 c4 23.g6 fxg6
24.hxg6 c3 25.gxh7+ Kh8 26.b3 Bc5 27.Bxc5 Qxc5+ 28.Kh2 Rd2 29.f5 exf5 30.Rxf5 Qb6
31.Ref1 Qh6+ 32.Rh5 Bc8 33.Qf3 Qd6 34.Rxa5 Rxc2 35.Qf7 Qe6 36.Rg5 Qxf7 37.Rxf7 Be6
38.Rfxg7 Rxa2 39.Rc7 Bxb3 40.Rgg7 Rf8 41.e5 Be6 42.Ne4 Re2 43.Ng5 Bf5 44.e6 Bxe6
45.Rge7 Bc4 46.Rxe2 Bxe2 47.Be4 Bh5 48.Kg2 a5 49.Kg3 a4 50.Kh4 Be8 51.Rc8 a3
52.Bc2 a2 53.Ra8 b3 54.Bxb3 a1=Q 55.Rxa1 Bg6 56.Ra6 Bf5 57.Rc6 c2 58.Bg8 Bg6
59.Bb3 c1=Q 60.Rxc1 Bxh7 61.Rc7 Bg6 62.Ne6 Rb8 63.Bc4 Bh7 64.Nf4 Rd8 65.Kg5 Rb8
66.Be6 Rf8 67.Rd7 Be4 68.Rd4 Bh7 69.Ng6+  1-0

[Event "URS-ch sf"]
[Site "Moscow"]
[Date "1989.??.??"]
[Round "?"]
[White "Lanka, Zigurds"]
[Black "Dragomarezkij, Evgeni"]
[Result "1-0"]
[WhiteElo "2420"]
[BlackElo "2325"]

1.e4 c5 2.Nf3 e6 3.d4 cxd4 4.Nxd4 a6 5.Nc3 Qc7 6.Be2 Nf6 7.O-O Be7 8.f4 d6
9.Kh1 g6 10.f5 gxf5 11.exf5 e5 12.Nb3 b5 13.Bf3 Bb7 14.Nd5 Nxd5 15.Bxd5 Bxd5
16.Qxd5 Qc6 17.Qd3 Nd7 18.Na5 Qc7 19.Bd2 Nf6 20.a4 Rb8 21.axb5 axb5 22.Bg5 Rg8
23.Bxf6 Bxf6 24.Qd5 Qc5 25.Qxc5 dxc5 26.Nc6 Rc8 27.Na7 Rb8 28.Ra6 Bd8 29.Nc6 Rc8
30.Nxe5 f6 31.Re6+ Kf8 32.Nc6 Kg7 33.g3 Rf8 34.Rd1 Kh6 35.Kg2 Bc7 36.Rd7 Kg5
37.Rg7+ Kxf5 38.Re2 Bd6 39.Kf3 h5 40.Ne7+ Bxe7 41.h3  1-0

[Event "New York op"]
[Site "New York"]
[Date "1989.??.??"]
[Round "9"]
[White "London, Dimitri"]
[Black "Frias, Victor J"]
[Result "0-1"]
[WhiteElo "2380"]
[BlackElo "2510"]

1.e4 c5 2.Nf3 e6 3.d4 cxd4 4.Nxd4 a6 5.Nc3 Qc7 6.g3 Bb4 7.Bd2 Nf6 8.Bg2 Be7
9.O-O d6 10.a4 Nc6 11.Nb3 b6 12.f4 O-O 13.Qe2 Rb8 14.g4 Ne8 15.g5 f6 16.Kh1 g6
17.f5 fxg5 18.fxg6 hxg6 19.Rxf8+ Bxf8 20.Bxg5 Bg7 21.Rf1 Ne5 22.Qf2 b5 23.axb5 axb5
24.Nd4 Qc4 25.Nf3 Nxf3 26.Qxf3 Rb7 27.e5 dxe5 28.Qc6 Rd7 29.Qxb5 Qg4 30.Ne4 Kh7
31.Be3 Nd6 32.Nxd6 Rxd6 33.Qb8 Ba6 34.h3 Qh5 35.Rf7 Qd1+ 36.Kh2 Rd7 37.Rxd7 Qxd7
38.Qa7 Qb5 39.b3 e4 40.c4 Qxb3 41.Bd4 Qb7 42.Qc5 Bxd4 43.Qxd4 Qc7+ 44.Kg1 Bxc4
45.Qxe4 Qc5+ 46.Kh2 Qd6+ 47.Kg1 Bd3 48.Qe3 e5 49.Qa7+ Kh6 50.Qe3+ Kg7 51.Qa7+ Kf6
52.Qf2+ Ke6 53.Qa2+ Kf6 54.Qf2+ Bf5 55.Qh4+ Kg7 56.Qg5 Qc5+ 57.Kh2 e4 58.Kg3 e3
59.Bf3 e2 60.Qd2 Qg1+ 61.Kf4 e1=Q 62.Qb2+ Kh7  0-1

[Event "New York op"]
[Site "New York"]
[Date "1989.??.??"]
[Round "9"]
[White "De la Villa Garcia, Jesus Maria"]
[Black "Hulak, Krunoslav"]
[Result "0-1"]
[WhiteElo "2430"]
[BlackElo "2515"]

1.e4 c5 2.Nf3 e6 3.d4 cxd4 4.Nxd4 a6 5.Nc3 Qc7 6.g3 Bb4 7.Ne2 Nf6 8.Bg2 Be7
9.O-O Nc6 10.b3 d6 11.Bb2 b5 12.Nf4 Bb7 13.Re1 O-O 14.a3 Rfe8 15.Qe2 Rac8
16.Rad1 Ne5 17.Nd3 Nfd7 18.Nb4 Qb6 19.Nd3 Bf6 20.Qd2 Red8 21.Ne2 Ng4 22.Nef4 Bxb2
23.Nxb2 Ndf6 24.h3 Ne5 25.Re2 Qc5 26.Nbd3 Nxd3 27.Qxd3 g5 28.Nd5 exd5 29.exd5 Kg7
30.Qf5 h6 31.Rd3 Re8 32.b4 Qc4 33.Rxe8 Rxe8 34.f4 Bc8  0-1

[Event "Novi Sad op"]
[Site "Novi Sad"]
[Date "1989.??.??"]
[Round "1"]
[White "Roska, Branislav"]
[Black "Mijailovic, Zoran"]
[Result "1-0"]
[WhiteElo "2235"]
[BlackElo "2325"]

1.e4 c5 2.Nf3 e6 3.d4 cxd4 4.Nxd4 a6 5.Nc3 Qc7 6.Be2 b5 7.a3 Bb7 8.O-O Nf6
9.Bf3 d6 10.Bg5 Nbd7 11.Re1 Be7 12.Bxf6 Nxf6 13.Qe2 Nd7 14.a4 bxa4 15.Nxa4 O-O
16.Qe3 Bf6 17.c3 h6 18.Be2 d5 19.exd5 Bxd5 20.Nf3 Rfb8 21.b4 Bc4 22.Bxc4 Qxc4
23.Red1 Qc7 24.Nd2 a5 25.bxa5 Rxa5 26.Ne4 Rba8 27.Nxf6+ Nxf6 28.Rd4 Qc6 29.Qf3 Rxa4
30.Rdxa4 Rxa4 31.Rxa4 Qxa4 32.g3 Nd5 33.Qd3 Qa1+ 34.Kg2 Qxc3 35.Qa6 g6 36.h4 Kg7  1-0

[Event "Novi Sad op"]
[Site "Novi Sad"]
[Date "1989.??.??"]
[Round "8"]
[White "Stirenkov, Veniami"]
[Black "Eljanov, Vladimir"]
[Result "1-0"]
[WhiteElo "2365"]
[BlackElo "2310"]

1.e4 c5 2.Nf3 e6 3.d4 cxd4 4.Nxd4 a6 5.Nc3 Qc7 6.Be2 Nf6 7.O-O Nc6 8.Be3 Bb4
9.Nxc6 bxc6 10.Qd4 c5 11.Qc4 Bb7 12.a3 Bxc3 13.Qxc3 Bxe4 14.f3 Bg6 15.Qxc5 Qxc5
16.Bxc5 Bxc2 17.Rac1 Ba4 18.Bd6 Kd8 19.Rc5 Ne8 20.Bg3 Bc6 21.Ra5 Bb7 22.Rc1 Ke7
23.Rc4 Nd6 24.Rb4 Rhb8 25.Bxa6 Bd5 26.Rxb8 Rxb8 27.b4 Ra8 28.Bd3 Rxa5 29.bxa5 Nc4
30.a6 Nb6 31.Kf2 Bc4 32.Bh4+ Kd6 33.Bxh7 g6 34.a7 Bd5 35.Bd8 Na8 36.h4 e5
37.g4 Ke6 38.h5 gxh5 39.Bf5+ Kd6 40.gxh5 f6 41.h6 Bb7 42.Be4  1-0

[Event "Ostend op"]
[Site "Ostend"]
[Date "1989.??.??"]
[Round "2"]
[White "Ehrke, Anja"]
[Black "Gheorghiu, Florin"]
[Result "1/2-1/2"]
[WhiteElo "2225"]
[BlackElo "2500"]

1.e4 c5 2.Nf3 e6 3.d4 cxd4 4.Nxd4 a6 5.Nc3 Qc7 6.a3 b5 7.f4 Bb7 8.Qf3 Nf6
9.Bd3 Nc6 10.Nb3 d5 11.e5 Nd7 12.O-O Nc5 13.Nxc5 Bxc5+ 14.Kh1 g6 15.Ne2 Rd8
16.Qh3 Nd4 17.Nxd4 Bxd4 18.c3 Bc5 19.a4 b4 20.cxb4 Bxb4 21.Be3 d4 22.Rac1 Qd7
23.Bf2 O-O 24.Rc4 a5 25.b3 Bd5 26.Rxd4 Bc5 27.Bb5 Qa7 28.Rd2 Bxf2 29.Rfxf2 Rc8
30.Rf1 Qc5 31.f5 exf5 32.Qh6 Be6 33.Re2 Rfd8 34.Re3 Qc1 35.Be2 Rc3 36.Qh4 Qxe3
37.Qxd8+ Kg7 38.Qf6+ Kg8 39.Qd8+ Kg7 40.Qf6+ Kh6 41.Qh4+ Kg7  1/2-1/2

[Event "Philadelphia"]
[Site "Philadelphia"]
[Date "1989.??.??"]
[Round "2"]
[White "Popovych, Orest"]
[Black "Szmetan, Ricardo"]
[Result "1/2-1/2"]
[WhiteElo "2270"]
[BlackElo "2300"]

1.e4 c5 2.Nf3 e6 3.d4 cxd4 4.Nxd4 a6 5.Nc3 Qc7 6.g3 Bb4 7.Bd2 Nc6 8.Nxc6 bxc6
9.Qg4 Bf8 10.Qe2 e5 11.Bg2 a5 12.f4 Ba6 13.Qf3 Rb8 14.Bf1 Bxf1 15.Rxf1 d6
16.O-O-O Nf6 17.g4 h6 18.g5 Nd7 19.g6 Nf6 20.gxf7+ Qxf7 21.fxe5 dxe5 22.Qf5 Be7
23.Qxe5 O-O 24.Qg3 Qe6 25.Qg6 Qf7 26.Qg2 Qh5 27.Rf5 Qg4 28.Qh1 Qh3 29.Rg1 Bd6
30.Rgf1 Ng4 31.Nd1 Qxh2 32.Qf3 Ne5 33.Qc3 Rxf5 34.Rxf5 Bb4 35.Qe3 Nc4 36.Rf2 Qe5
37.Bc3 Nxe3 38.Bxe5 Nxd1 39.Kxd1 Re8 40.Bc7 Rxe4 41.c3 Be7 42.Bxa5 Ra4 43.b4 Bf6
44.Rc2 Ra3 45.Kd2 g5 46.Bb6 g4 47.Kd3 h5 48.Bc5 h4 49.Ke3 g3 50.Kf3 Kf7 51.Kg4 Bxc3
52.Kxh4 Be5 53.Kh3 Ra8 54.Rc4 Rxa2 55.Re4 Kf6 56.Kg4 g2 57.Kh3 Kf5 58.Re1 Rc2
59.Bb6 Rb2 60.Bc5 Rc2 61.Bb6 Kf4 62.Bc5 Bc3 63.Rd1 Bd2 64.Kh2 Kf3 65.Bg1 Ra2
66.Rb1 Be3 67.Rb3 Re2 68.b5 cxb5 69.Bxe3 Rxe3 70.Rxb5 Re1 71.Rb3+ Kf2 72.Rb2+ Kf1  1/2-1/2

[Event "World op"]
[Site "Philadelphia"]
[Date "1989.??.??"]
[Round "9"]
[White "Hennigan, Michael"]
[Black "Gurevich, Ilya"]
[Result "0-1"]
[WhiteElo "2345"]
[BlackElo "2385"]

1.e4 c5 2.Nf3 e6 3.d4 cxd4 4.Nxd4 a6 5.Nc3 Qc7 6.Bd3 Nf6 7.O-O b5 8.a3 Bb7
9.Qe2 d6 10.Bg5 Nbd7 11.Rae1 Be7 12.Kh1 h6 13.Bc1 O-O 14.f4 Rad8 15.e5 dxe5
16.fxe5 Qxe5 17.Qxe5 Nxe5 18.Nf5 Nxd3 19.cxd3 exf5 20.Rxe7 Bc8 21.Rd1 Rfe8
22.Rxe8+ Rxe8 23.Kg1 g5 24.h4 f4 25.hxg5 hxg5 26.g3 fxg3 27.Bxg5 Nh5 28.Ne4 Bb7
29.Nf6+ Nxf6 30.Bxf6 Re2 31.Bc3 Rh2 32.Kf1 Bf3  0-1

[Event "World op"]
[Site "Philadelphia"]
[Date "1989.??.??"]
[Round "10"]
[White "Dzindzichashvili, Roman"]
[Black "Meyer, E."]
[Result "1/2-1/2"]
[WhiteElo "2540"]
[BlackElo "2460"]

1.e4 c5 2.Nf3 e6 3.d4 cxd4 4.Nxd4 a6 5.Nc3 Qc7 6.g3 Bb4 7.Bd2 Nf6 8.Bg2 Nc6
9.Nb3 O-O 10.O-O Be7 11.f4 d6 12.a4 Bd7 13.g4 Be8 14.g5 Nd7 15.Be3 f6 16.f5 Bf7
17.fxe6 Bxe6 18.Nd5 Qd8 19.gxf6 Bxf6 20.c3 Nde5 21.Bb6 Qd7 22.Nxf6+ Rxf6
23.Rxf6 gxf6 24.Nd4 Nxd4 25.Bxd4 Kh8 26.Kh1 Rg8 27.Qe2 Rg5 28.Qf2 Kg7 29.a5 Rg6
30.Rg1 Qb5 31.b4 Qd3 32.Qe3 Qc2 33.Qf2 Qd3 34.Qe3 Qc2 35.Qf2  1/2-1/2

[Event "Bohemians"]
[Site "Prague"]
[Date "1989.??.??"]
[Round "?"]
[White "Prandstetter, Eduard"]
[Black "Pekarek, Ales"]
[Result "0-1"]
[WhiteElo "2415"]
[BlackElo "2465"]

1.e4 c5 2.Nf3 e6 3.d4 cxd4 4.Nxd4 a6 5.Nc3 Nc6 6.Be2 Qc7 7.f4 Nxd4 8.Qxd4 b5
9.Be3 Bb7 10.O-O Rc8 11.Rad1 Nf6 12.e5 Nd5 13.Nxd5 Bxd5 14.Bf3 Bc5 15.Qxc5 Qxc5
16.Bxc5 Bxf3 17.Rxf3 Rxc5 18.c3 Ke7 19.Rfd3 Rd8 20.Rd6 g5 21.Rxa6 gxf4 22.Rf1 Rxe5
23.Rxf4 Rd5 24.h3 Rc8 25.a4 Rc4 26.Rxc4 bxc4 27.Rb6 Ra5 28.Rb4 d5 29.Kf2 Kf6
30.Ke3 Ke5 31.Rb7 f5 32.Rxh7 Rxa4 33.g4 Ra1 34.gxf5 Kxf5 35.Kd2 Rh1 36.h4 Rh2+
37.Kc1 e5 38.h5 Ke4 39.Kb1 Kd3 40.Rd7 d4 41.cxd4 e4 42.d5 Rxh5 43.d6 Rd5
44.Re7 Rxd6 45.Kc1 Rf6 46.Rd7+ Ke2 47.Rd2+ Kf3 48.Rh2 e3 49.Kd1 Rg6 50.Rh3+ Rg3
51.Rh8 Rg1+ 52.Kc2 e2 53.Rf8+ Kg2 54.Rg8+ Kf2 55.Rf8+ Ke1 56.Kc3 Kd1 57.Re8 e1=Q+
58.Rxe1+ Rxe1 59.Kxc4 Kc2 60.b4 Re4+ 61.Kc5 Kb3 62.b5 Ka4 63.b6 Ka5 64.b7 Re8
65.Kc6 Ka6 66.Kc7 Ka7  0-1

[Event "CSR-ch int"]
[Site "Prague"]
[Date "1989.??.??"]
[Round "9"]
[White "Ilincic, Zlatko"]
[Black "Pekarek, Ales"]
[Result "1-0"]
[WhiteElo "2430"]
[BlackElo "2465"]

1.e4 c5 2.Nf3 e6 3.d4 cxd4 4.Nxd4 a6 5.Nc3 Qc7 6.Be2 Nc6 7.O-O b5 8.Nxc6 Qxc6
9.Bf3 Bb7 10.Bf4 Rc8 11.Re1 Bc5 12.Qd2 Ne7 13.Rad1 b4 14.Ne2 Ng6 15.Bg3 e5
16.c3 a5 17.h4 d6 18.h5 Nf8 19.Bh4 h6 20.Ng3 g5 21.hxg6 fxg6 22.Nf5 gxf5
23.exf5 Qb5 24.c4 Qxc4 25.Rxe5+ dxe5 26.Bh5+ Ng6 27.Qd7+ Kf8 28.fxg6 Kg8
29.Qxb7 Rf8 30.g7 Rh7 31.gxf8=Q+ Bxf8 32.Qd5+  1-0

[Event "CSR-ch int"]
[Site "Prague"]
[Date "1989.??.??"]
[Round "12"]
[White "Bischoff, Klaus"]
[Black "Plachetka, Jan"]
[Result "1/2-1/2"]
[WhiteElo "2505"]
[BlackElo "2450"]

1.e4 c5 2.Nf3 e6 3.d4 cxd4 4.Nxd4 a6 5.Nc3 d6 6.g3 Bd7 7.Bg2 Nc6 8.O-O Nf6
9.Nxc6 Bxc6 10.a4 Be7 11.a5 O-O 12.Be3 Rc8 13.Bb6  1/2-1/2

[Event "JUG-Cup (Women)"]
[Site "Pula"]
[Date "1989.??.??"]
[Round "?"]
[White "Micic, Jordanka"]
[Black "Rodic Kures, Gordana"]
[Result "1-0"]
[WhiteElo "2195"]
[BlackElo "2055"]

1.e4 c5 2.Nf3 e6 3.d4 cxd4 4.Nxd4 a6 5.Nc3 Qc7 6.Be3 Nf6 7.Bd3 Nc6 8.O-O Ne5
9.Bf4 d6 10.Bg3 Be7 11.Kh1 O-O 12.f4 Neg4 13.Qf3 Bd7 14.h3 Nh6 15.Bh2 e5
16.fxe5 dxe5 17.Qg3 Ne8 18.Nd5 Qc5 19.Nxe7+ Qxe7 20.Qxe5 Qb4 21.Nb3 Bc6 22.a3 Qa4
23.Nc5 Qa5 24.Nd7 Qxe5 25.Nxe5 Rc8 26.Rae1 Nd6 27.Nc4 Nxc4 28.Bxc4 Rfe8 29.Bd5 Red8
30.c4 b5 31.cxb5 Bxb5 32.Rf2 Bc4 33.Bb7 Rc5 34.Rc1 Rd4 35.Bxa6 Rxe4 36.Rfc2 Bxa6
37.Rxc5 f6 38.b4  1-0

[Event "Reykjavik"]
[Site "Reykjavik"]
[Date "1989.??.??"]
[Round "?"]
[White "Watson, William N"]
[Black "Olafsson, Helgi"]
[Result "1/2-1/2"]
[WhiteElo "2505"]
[BlackElo "2520"]

1.e4 c5 2.Nc3 e6 3.Nf3 a6 4.d4 cxd4 5.Nxd4 d6 6.g3 b5 7.Bg2 Bb7 8.O-O Nd7
9.Re1 Be7 10.a4 b4 11.Na2 a5 12.c3 bxc3 13.Nxc3 Nc5 14.Ndb5 Nf6 15.Be3 Ncxe4
16.Nxe4 Bxe4 17.Bxe4 Nxe4 18.Bf4 g5 19.Rxe4 gxf4 20.Rxf4 O-O 21.Qd4 e5 22.Rg4+ Kh8
23.Qd5 Rc8 24.Rd1 Rc5 25.Qd3 d5 26.Qf5 d4 27.Re4 f6  1/2-1/2

[Event "Reykjavik"]
[Site "Reykjavik"]
[Date "1989.??.??"]
[Round "?"]
[White "Watson, William N"]
[Black "Stefansson, Hannes"]
[Result "0-1"]
[WhiteElo "2505"]
[BlackElo "2480"]

1.e4 c5 2.Nf3 e6 3.Nc3 a6 4.d4 cxd4 5.Nxd4 Qc7 6.Bd3 Bb4 7.Bd2 Nf6 8.O-O Bc5
9.Nb3 Ba7 10.Qe2 Nc6 11.Kh1 Nd4 12.Nxd4 Bxd4 13.f4 d6 14.Rae1 Nd7 15.Nd5 Qd8
16.c3 Ba7 17.Ne3 b5 18.c4 O-O 19.Bc3 bxc4 20.Nxc4 Qe7 21.e5 d5 22.Nd6 f5
23.exf6 Nxf6 24.Nxc8 Raxc8 25.Qxe6+ Qxe6 26.Rxe6 Ng4 27.Bxa6 Rb8 28.Re2 Ne3
29.Rf3 d4 30.Be1 Rf6 31.Bd3 Rc6 32.Bd2 Rxb2 33.Bxe3 Rxe2 34.Bxe2 dxe3 35.g3 Rc2
36.Bd3 e2 37.Bxe2 Rxe2 38.Ra3 Bc5 39.Rc3 Be3 40.Rc8+ Kf7 41.a4 h5 42.Rh8 g6
43.f5 Kg7 44.Re8 h4 45.f6+ Kf7 46.Rh8 hxg3 47.hxg3 Kxf6 48.Rh4 Ke5 49.Rb4 Ra2
50.Rg4 g5 51.Rb4 Bd2 52.Rg4 Kf5 53.Rc4 Be1 54.g4+ Ke5 55.Kg1 Bf2+ 56.Kh1 Kd5
57.Rb4 Bc5 58.Rb8 Rxa4 59.Rd8+ Ke5 60.Rc8 Be7 61.Rc7 Kd6 62.Rc2 Rxg4 63.Re2 Bf6
64.Rf2 Ke6 65.Re2+ Kf5 66.Re8 Rb4 67.Kg2 Rc4 68.Kh1 Kf4 69.Re6 Be5 70.Ra6 Kg3
71.Ra3+ Bc3  0-1

[Event "Royan op"]
[Site "Royan"]
[Date "1989.??.??"]
[Round "8"]
[White "Coudari, Camille"]
[Black "Lamoureux, Charles"]
[Result "1-0"]
[WhiteElo "2315"]
[BlackElo "2205"]

1.e4 c5 2.Nf3 e6 3.d4 cxd4 4.Nxd4 a6 5.Nc3 Qc7 6.Nb3 Nf6 7.Bd3 b6 8.O-O Bb7
9.f4 d6 10.f5 Nbd7 11.fxe6 fxe6 12.Nd4 Nc5 13.Qe2 Nxd3 14.cxd3 Qd7 15.Kh1 e5
16.Nf5 Qf7 17.Qf2 b5 18.Qb6 Qd7 19.Bg5 Kf7 20.Qf2 Ke8 21.Qh4 b4 22.Ne2 Ng8
23.Neg3 g6 24.Ne3 Be7 25.Rf2 Bxg5 26.Qxg5 Qe7 27.Qg4 Nh6 28.Qd1 a5 29.Qb3 Rf8
30.Qa4+ Kd8 31.Rxf8+ Qxf8 32.Qb5 Qe7 33.Rc1 Ra6 34.Nd5 Qg5 35.Rf1 Bxd5 36.exd5  1-0

[Event "JUG-ch (Women)"]
[Site "Split"]
[Date "1989.??.??"]
[Round "5"]
[White "Vuksanovic, Sanja"]
[Black "Bojkovic, Natasa"]
[Result "1/2-1/2"]
[WhiteElo "2040"]
[BlackElo "2260"]

1.e4 c5 2.Nf3 e6 3.d4 cxd4 4.Nxd4 a6 5.Nc3 Qc7 6.g3 Bb4 7.Bd2 Nf6 8.Bg2 Nc6
9.Nxc6 dxc6 10.O-O O-O 11.Qe2 e5 12.Qc4 Bd6 13.Bg5 Be6 14.Qe2 Be7 15.h3 b5
16.Rfd1 Rad8 17.a3 h6 18.Be3 Nd7 19.Qh5 Nf6 20.Qf3 Qc8 21.g4 Rxd1+ 22.Rxd1 Rd8
23.Rxd8+ Qxd8 24.Qd1 Qa5 25.Qd2 Qc7 26.Ne2 Nd7 27.Ng3 Bf8 28.Nf5 a5  1/2-1/2

[Event "SWE-FIN"]
[Site "?"]
[Date "1989.??.??"]
[Round "2"]
[White "Nokso Koivisto, A."]
[Black "Akesson, Ralf"]
[Result "1-0"]
[WhiteElo "2320"]
[BlackElo "2445"]

1.e4 c5 2.Nf3 e6 3.d4 cxd4 4.Nxd4 a6 5.Nc3 d6 6.Be2 Nf6 7.O-O Be7 8.Be3 O-O
9.a4 Nc6 10.f4 Qc7 11.Kh1 Re8 12.Qe1 Nxd4 13.Bxd4 e5 14.fxe5 dxe5 15.Qg3 Bd8
16.Be3 Kh8 17.Bg5 Be6 18.Rad1 Ng8 19.Be3 Qa5 20.Bd3 Ne7 21.Bd2 Qc5 22.Be3 Qa5
23.Bd2 Ng6 24.b3 Qc5 25.Nd5 Bxd5 26.Be3 Qc3 27.exd5 e4 28.Bc4 Ne5 29.d6 Nxc4
30.bxc4 Qxc4 31.d7 Rf8 32.Qd6 Bc7 33.Qc5 b5 34.Qxc4 bxc4 35.Bc5 Rfd8 36.Rxf7 Kg8
37.Re7 Rab8 38.Bd4  1-0

[Event "SWZ-ch int"]
[Site "?"]
[Date "1989.??.??"]
[Round "7"]
[White "Campora, Daniel H"]
[Black "Ekstroem, Roland"]
[Result "1-0"]
[WhiteElo "2495"]
[BlackElo "2445"]

1.e4 c5 2.Nf3 e6 3.d4 cxd4 4.Nxd4 a6 5.Nc3 Qc7 6.g3 Nf6 7.Bg2 Be7 8.O-O O-O
9.a4 Nc6 10.Re1 d6 11.Be3 Bd7 12.Nxc6 Bxc6 13.a5 Nd7 14.Na4 Rac8 15.Nb6 Nxb6
16.Bxb6 Qd7 17.c4 Bd8 18.Be3 Bc7 19.Qd3 Rcd8 20.b4 h6 21.Bd4 e5 22.Be3 f5
23.exf5 Bxg2 24.Kxg2 Qxf5 25.Qd5+ Rf7 26.Red1 Rc8 27.Rac1 Bb8 28.b5 Kh8 29.b6 Rcf8
30.c5 dxc5 31.Bxc5 Re8 32.Be3 Ref8 33.Rc4 Qh5 34.Rd2 Qf5 35.Qe4 Qxe4+ 36.Rxe4 Rc8
37.h4 Kh7 38.h5 Rc6 39.Rd8 Bd6 40.Re8 Rf5 41.Rg4 Ba3 42.Ra4 Bc5 43.g4 Rff6
44.Rxe5 Bxe3 45.Rxe3 Rc2 46.Rf3 Rxf3 47.Kxf3 Rc5 48.Ke4 Kg8 49.Rd4 Rxa5 50.Rd7 Ra4+
51.Kd5 Rxg4 52.Rxb7 Rg5+ 53.Kc6 Rxh5 54.Ra7 Kh7 55.b7 Rb5 56.Rxa6  1-0